• 首页
  • 本馆介绍
  • 公告通知
  • 最新文献
  • 馆藏检索
  • 电子资源
  • 读者导购
  • 参考咨询
  • 我的图书馆
  • 登录
  • 详细信息显示
  • 放入我的书架
  • 预约/预借图书
  • 作者相关作品
  • 分类相关作品
  • 丛书相关作品
  • 出版社相关作品

书目信息

  • 表格格式
  • 工作单格式
  • 卡片格式
题名:
特殊儿童的早期融合教育
    
 
作者: Allen , 施瓦兹 , Schwartz , 艾伦 著 ;周念丽 翻译
分册:  
出版信息: 上海   华东师范大学出版社  2005
页数: 596页
开本: 23cm
丛书名: 《今日特殊儿童与教育》译丛
单 册:
中图分类: G760
科图分类:
主题词: 儿童教育--特殊教育 , 特殊教育 , 儿童教育
电子资源:
ISBN: 7-5617-4414-5
000 01316oam2 2200349 450
001 010700018004
005 20061115154654.06
010    @a7-5617-4414-5@dCNY60.00
100    @a20060318d2005 em y0chiy0110 ea
101 1  @achi
102    @aCN@b310000
105    @aa z 000yy
200 1  @a特殊儿童的早期融合教育@9te shu er tong de zao qi rong he jiao yu@fK.E.艾伦(K.Eileen Allen),I.S.施瓦兹(Ilene S.Schwartz)著@g周念丽等翻译@Gzhou nian li deng fan yi
210    @a上海@c华东师范大学出版社@d2005
215    @a596页@c图@d23cm
225 2  @a《今日特殊儿童与教育》译丛@f方俊明主编
304    @a译者还有:苏雪云,张旭,李伟亚
305    @a由汤姆森学习出版集团授权
330    @a本书阐述了对学前特殊儿童进行早期融合教育的先进理念,陈述了对学前特殊儿童进行早期融合教育的翔实理论等。
410  0 @12001 @a《今日特殊儿童与教育》译丛@1701 0@a方俊明@Afang jun ming@4主编
510 1  @aExceptional child inclusion in early childhood education@zeng
606 0  @a儿童教育@x特殊教育
606 0  @a特殊教育
606 0  @a儿童教育
690    @aG760@v4
701  1 @aAllen@bK.Eileen@4著
701  1 @a施瓦兹@9shi wa zi@bI.S.@4著
701  1 @aSchwartz@bIlene S.@4著
701  1 @a艾伦@9ai lun@bK.E.@4著
702  0 @a周念丽@9zhou nian li@4翻译
801  0 @aCN@bRENTIAN@c20061115
905    @a10447@dG760@e16
    
    特殊儿童的早期融合教育/K.E.艾伦(K.Eileen Allen),I.S.施瓦兹(Ilene S.Schwartz)著/周念丽等翻译.-上海:华东师范大学出版社,2005
    596页:图;23cm.-(《今日特殊儿童与教育》译丛/方俊明主编)
    
    
    ISBN 7-5617-4414-5:CNY60.00
    本书阐述了对学前特殊儿童进行早期融合教育的先进理念,陈述了对学前特殊儿童进行早期融合教育的翔实理论等。
●
相关链接 在E读中查询图书 在五车中查询图书 在当当中查询图书 在豆瓣中查询图书


正题名:特殊儿童的早期融合教育     索取号:G760/16         预约/预借

序号 登录号 条形码 馆藏地/架位号 状态 备注
1 0391680   203916806   第一样本阅览室/ [索取号:G760/16] 在馆    
2 0391681   203916815   第四借阅区/ [索取号:G760/16] 在馆    
3 0391682   203916824   教育系资料室/ [索取号:G760/16] 在馆    
4 0391683   203916833   教育系资料室/ [索取号:G760/16] 在馆    
5 0391684   203916842   教育系资料室/ [索取号:G760/16] 在馆    
唐山师范学院图书馆 欢迎您!
大连网信软件有限公司© 版权所有